Geography Quiz

Random Geography or City Quiz

'M' World Metros Quiz Stats

 Plays Quiz Updated Mar 8, 2017

Support Sporcle.
Go Orange.
Score 0/20 Timer 07:00
0 Plays Today
Rank City % Correct
2Mexico City, Mexico
83.3%
19Moscow, Russia
79.4%
47Madrid, Spain
77.5%
3Mumbai, India
72.7%
159Manchester, UK
61.3%
42Miami, USA
58.8%
76Melbourne, Australia
58.6%
81Montréal, Canada
58.5%
148Munich, Germany
58.2%
68Milan, Italy
57.5%
Rank City % Correct
135Minneapolis, USA
56.5%
20Manila, Philippines
55.3%
216Minsk, Belarus
36.5%
80Monterrey, Mexico
24.5%
93Medellín, Colombia
22.3%
212Manaus, Brazil
18.8%
229Mannheim, Germany
16.6%
152Maracaibo, Venezuela
13.5%
166Medan, Indonesia
11%
161Mashhad, Iran
10.1%

From the Vault

Word Laddyrinth VII

by betraisefold

After seven of these things, we still don't know what a laddyrinth is. We hope it'll show up in a dictionary someday.
Remove Ads.
Support Sporcle.
Get the best of Sporcle when you Go Orange. This ad-free experience offers more features, more stats, and more fun while also helping to support Sporcle. Thank you for becoming a member.

Show Comments

Extras

Top Quizzes Today


Score Distribution

Your Account Isn't Verified!

In order to create a playlist on Sporcle, you need to verify the email address you used during registration. Go to your Sporcle Settings to finish the process.

Report this User

Report this user for behavior that violates our Community Guidelines.

Details: